000 00810nam a22002177a 4500
999 _c18615
_d18615
003 AR-CdUCM
008 190514b ||||| |||| 00| 0 spa d
040 _aMUNICIPALIDAD PROVINCIAL DEL CUSCO
_cBIBLIOTECA MUNICIPAL DEL CUSCO
082 _a985.009 /
_bT25
100 _aTauro del Pino, Alberto
_918053
245 _aLos que hicieron el Perú :
_bAndres Avelino Cáceres /
260 _aLima :
_bBiblioteca Visión Peruana.
300 _a63 páginas ;
_bretratos,
_c22 cm.
440 _aBiblioteca Visión Peruana.
_n1
_939311
505 _aContenido: Los primeros años -- Experiencias internacionales -- Retiro campesino -- Campaña de Tarapaca -- Batalla de Tacna ...
650 _aHistoria
_9136
650 _aPerú
_935
650 _aBiografía
_922
942 _2ddc
_cLIBROS
945 _aachl
_d2019-05-14